[Event "Pyramiden Franken Cup 4th"]
[Site "Fuerth"]
[Date "2001.08.18"]
[Round "1"]
[White "Koerber, Hans"]
[Black "Schwalbe, Gerhard"]
[Result "0-1"]
[WhiteElo "1548"]
[BlackElo "2116"]
[PlyCount "48"]
[EventDate "2001.08.18"]
[EventType "swiss"]
[EventRounds "9"]
[EventCountry "GER"]
[SourceTitle "EXT 2010"]
[Source "ChessBase"]
[SourceDate "2010.11.25"]
[SourceVersion "1"]
[SourceVersionDate "2010.11.25"]
[SourceQuality "1"]

1. Nf3 c5 2. b3 Nc6 3. Bb2 Nf6 4. g3 d6 5. Bg2 Bd7 6. e3 Qc8 7. h3 e5 8. d3 Be7 9. Nbd2 0-0 10. c3 b5 11. Rc1 Rb8 12. d4 e4 13. Ng1 d5 14. Ne2 c4 15. b4 Bd6 16. Nf4 Bxf4 17. gxf4 Ne7 18. Nf1 Nf5 19. Ng3 Nh4 20. Kf1 Rb6 21. Nh5 Nxg2 22. Kxg2 Nxh5 23. Qxh5 Rh6 24. Qxd5 Bxh3+ 0-1